00853nam a2200217 a 450000100100000000500170001000800410002702000360006804000250010424500890012926000650021830000350028350000270031859000270034570000380037270000360041071000250044671000420047195201050051399900170061800001419520220425123923.0091207s2008 ck d 000 0 spa d a9789588307398 (mayol ediciones) aDO-SdBNPbspacBNPHU00aAgricultura para el desarrollo /ctraducción Ricardo Argüello, Ignacio Caviedes. aBogotá, Colombia :bBanco MundialbMayol Ediciones,c2008. axi, 301 p. :bdiagr. ;c27 cm. aTextos en dos columnas aInventariado, 2019/ YL12aArgüello, Ricardoetrad.93206912aCaviedes, Ignacioetrad.9320702 aBanco Mundial9320712 aMundi-Prensa y Mayol Ediciones932072 001050718MOaGRbGRcCTd2009-12-07iLF1l0o p14195-10r2020-06-25w2020-06-25y1ZNo se presta c13796d13796